[Event "10. Bayer Open"]
[Site "?"]
[Date "2012.01.25"]
[Round "2"]
[White "Janssen, Wolfgang"]
[Black "Wilde, Christian"]
[Result "1-0"]
[WhiteElo "1670"]
[BlackElo "1026"]
[PlyCount "71"]
[EventDate "2012.??.??"]
[SourceDate "2012.01.12"]
[TimeControl "360"]

{319MB, Fritz10.ctg} 1. Nf3 Nf6 2. g3 b6 3. Bg2 Bb7 4. O-O e6 5. c4 d5 6. cxd5
Bxd5 7. Nc3 Bb7 8. d4 Be7 9. Bg5 Nbd7 10. Qc2 O-O 11. e4 Ne8 12. Bxe7 Qxe7 13.
Rfe1 e5 14. Nd5 Bxd5 15. exd5 f6 16. dxe5 fxe5 17. Nxe5 Qc5 18. Rac1 Qxc2 19.
Rxc2 Nxe5 20. Rxe5 Nd6 21. Rxc7 a5 22. Rd7 Rad8 23. Rc7 Rc8 24. Rc6 Nc4 25. Re2
Rxc6 26. dxc6 Nd6 27. h4 Re8 28. Bd5+ Kf8 29. Rc2 h6 30. c7 g5 31. hxg5 hxg5
32. Bf3 a4 33. Bg4 Nc8 34. Rd2 Ke7 35. Re2+ Kf8 36. Rxe8+ {Schwarz gibt auf.}
1-0

[Event "10. Bayer Open"]
[Site "?"]
[Date "2012.01.25"]
[Round "2"]
[White "Neuber, Max"]
[Black "Khananyev, Shalmi"]
[Result "1-0"]
[WhiteElo "812"]
[BlackElo "1183"]
[PlyCount "86"]
[EventDate "2012.??.??"]
[SourceDate "2012.01.12"]

1. e4 c5 2. Nc3 d6 3. Bb5+ Bd7 4. Qe2 a6 5. Bc4 e6 6. Nf3 g6 7. e5 f6 8. Qe4 d5
9. Nxd5 exd5 10. Qxd5 Qe7 11. Qxb7 Bc6 12. Qc8+ Qd8 13. Qe6+ (13. Bf7+ $1 $18)
13... Qe7 14. d3 Qxe6 15. Bxe6 Bxf3 16. gxf3 fxe5 17. Bg5 Nc6 18. O-O-O Rd8 19.
Bxd8 Nxd8 20. Bc4 Bd6 21. Bxa6 Ne7 22. Rhg1 Rf8 23. Bb5+ Nec6 24. Rg3 Rf6 25.
c4 Ke7 26. Re1 Ne6 27. Bxc6 Nd4 28. Re3 Nxc6 29. Rg4 Kf7 30. h4 Nd4 31. Rg3 Rf4
32. Rg4 Nxf3 33. Rxf4+ exf4 34. Rxf3 Kf6 35. Kc2 Kf5 36. Rh3 Kg4 37. Rh1 h5 38.
Kc3 Be5+ 39. Kd2 Bxb2 40. Ke2 Bd4 41. f3+ Kg3 42. a4 Be3 43. Kf1 Bd2 {
Rest unleserlich. (Der Erfasser übernimmt KEINERLEI Garantie für dieKorrektheit
der Notation...)} 1-0

[Event "10. Bayer Open"]
[Site "?"]
[Date "2012.02.08"]
[Round "3"]
[White "Rotstein, Jefim"]
[Black "Kappelt, Jörg"]
[Result "1/2-1/2"]
[WhiteElo "2291"]
[BlackElo "2149"]
[PlyCount "114"]
[EventDate "2012.??.??"]
[SourceDate "2012.01.12"]

1. f4 e5 2. fxe5 d6 3. exd6 Bxd6 4. Nf3 g5 5. g3 g4 6. Nh4 h5 7. d3 Be7 8. Ng2
Nh6 9. Bf4 f5 10. Qd2 Nf7 11. Nc3 a6 12. O-O-O b5 13. e4 fxe4 14. dxe4 Qxd2+
15. Rxd2 c6 16. Ne3 Nd7 17. Nf5 Nde5 18. Nxe7 Kxe7 19. Be2 Ra7 20. Nd1 Rd7 21.
Ne3 Rxd2 22. Kxd2 Be6 23. Kc3 Nd7 24. Nf5+ Bxf5 25. exf5 Nb6 26. Kd4 Na4 27.
Bc1 Kf6 28. b3 Rd8+ 29. Ke3 Re8+ 30. Kd2 Nc5 31. Bb2+ Kg5 32. Rf1 Ne4+ 33. Kd1
Ne5 34. f6 Nxf6 35. Bd3 Nxd3 36. Bxf6+ Kg6 37. cxd3 Rf8 38. Ke2 Rxf6 39. Rxf6+
Kxf6 40. d4 Ke6 41. b4 Kd6 42. Ke3 Kd5 43. Kd3 Kd6 44. Ke4 Ke6 45. a3 Kd6 46.
Kf5 Kd5 47. Kg5 Kxd4 48. Kxh5 c5 49. bxc5 Kxc5 50. Kxg4 a5 51. h4 b4 52. axb4+
axb4 53. h5 b3 54. h6 b2 55. h7 b1=Q 56. h8=Q Qe4+ 57. Kg5 Qe3+ 1/2-1/2

[Event "10. Bayer Open"]
[Site "?"]
[Date "2012.02.08"]
[Round "3"]
[White "Sockel, Karl-Heinz"]
[Black "Khanukov, Boris"]
[Result "0-1"]
[WhiteElo "1974"]
[BlackElo "2236"]
[PlyCount "80"]
[EventDate "2012.??.??"]
[SourceDate "2012.01.12"]

1. c4 Nf6 2. g3 e5 3. Bg2 Be7 4. Nc3 O-O 5. d3 c6 6. e4 d6 7. Nge2 Bd7 8. h3 b5
9. Be3 b4 10. Nb1 c5 11. O-O Nc6 12. f4 Ne8 13. Nd2 g6 14. Nf3 Ng7 15. Qd2 Rb8
16. b3 a5 17. g4 exf4 18. Bxf4 Ne6 19. Bh6 Re8 20. Nf4 Bf6 21. Rab1 Bc3 22. Qc1
Ncd4 23. Nxd4 Bxd4+ 24. Kh1 Be5 25. Nd5 Bc6 26. Nf4 Nd4 27. Qe1 a4 28. Ne2 axb3
29. axb3 Ra8 30. Nxd4 Bxd4 31. Be3 Be5 32. Qf2 Qe7 33. Bf4 Ra7 34. Qg3 Ra2 35.
Rf2 Rea8 36. Rbf1 Rxf2 37. Qxf2 Kg7 38. Be3 Ra3 39. Rb1 Qa7 40. d4 (40. Qh4 f6
(40... Qa8)) 40... cxd4 0-1

[Event "10. Bayer Open"]
[Site "?"]
[Date "2012.02.08"]
[Round "3"]
[White "Auer, Martin"]
[Black "Block, Wolfgang"]
[Result "1-0"]
[WhiteElo "2214"]
[BlackElo "2089"]
[PlyCount "67"]
[EventDate "2012.??.??"]
[SourceDate "2012.01.12"]

1. e4 c6 2. d4 d5 3. e5 Bf5 4. Nc3 e6 5. g4 Bg6 6. Nge2 c5 7. Be3 Nc6 8. dxc5
Nxe5 9. Nd4 Nc6 10. Bb5 Qc7 11. Qe2 Nf6 12. f4 Be4 13. Rf1 Nd7 14. Nxe4 dxe4
15. Qc4 Be7 16. O-O-O Nf6 17. f5 e5 18. Nxc6 bxc6 19. Ba4 O-O 20. g5 Nd5 21.
Qxe4 Rfd8 22. g6 h6 23. gxf7+ Kf8 24. f6 Bxf6 25. Bd2 Rac8 26. Bb3 Qxf7 27. Rf5
Qc7 28. Rdf1 Ke7 29. c4 Qb7 30. cxd5 cxd5 31. Rxe5+ Kf8 32. Rxf6+ gxf6 33.
Bxh6+ Kg8 34. Rxd5 1-0

[Event "10. Bayer Open"]
[Site "?"]
[Date "2012.02.08"]
[Round "3"]
[White "Pützkaul, Karl"]
[Black "Balduan, Markus"]
[Result "0-1"]
[WhiteElo "1778"]
[BlackElo "2189"]
[PlyCount "82"]
[EventDate "2012.??.??"]
[SourceDate "2012.01.12"]

1. e4 c5 2. Nf3 g6 3. d4 cxd4 4. Nxd4 Bg7 5. Nc3 Nc6 6. Be3 Nf6 7. Be2 O-O 8.
O-O d5 9. exd5 Nxd5 10. Nxd5 Qxd5 11. Nxc6 Qxc6 12. c3 Bf5 13. Bf3 Be4 14. Bxe4
Qxe4 15. Qb3 Rfd8 16. Rad1 b6 17. Rxd8+ Rxd8 18. Rd1 Rd3 19. Rxd3 Qxd3 20. g3
Qd7 21. Qc2 h5 22. Qd2 Qb7 23. Bh6 Bxh6 24. Qxh6 Qe4 25. Qc1 h4 26. Qd1 h3 27.
Qf1 Qe6 28. c4 g5 29. b3 g4 30. f4 Qe3+ 31. Qf2 Qc1+ 32. Qf1 Qb2 33. Qf2 Qb1+
34. Qf1 Qxa2 35. b4 a5 36. bxa5 bxa5 37. c5 Qc2 38. Qf2 Qc1+ 39. Qf1 Qxc5+ 40.
Kh1 Qc6+ 41. Kg1 Qg2+ 0-1

[Event "10. Bayer Open"]
[Site "?"]
[Date "2012.02.08"]
[Round "3"]
[White "Negele, Michael"]
[Black "Pick, Stefan"]
[Result "1-0"]
[WhiteElo "2134"]
[BlackElo "2113"]
[PlyCount "143"]
[EventDate "2012.??.??"]
[SourceDate "2012.01.12"]

1. d4 Nf6 2. Nf3 g6 3. Nc3 d5 4. Bf4 c6 5. Qd2 Bf5 6. Ne5 Nbd7 7. f3 h5 8.
O-O-O Bg7 9. Kb1 O-O 10. Bh6 Qc7 11. Nxd7 Qxd7 12. Bxg7 Kxg7 13. h4 Rh8 14. Re1
Rad8 15. e4 dxe4 16. fxe4 Bg4 17. e5 Ne8 18. d5 {?!} (18. Bd3 Qxd4 19. Qg5 Qd7
20. Ne4 Nc7 21. Rhf1) 18... cxd5 19. Bb5 Qc8 (19... Qe6) 20. Rhf1 Nc7 21. Bd3
Ne6 22. Qf2 Rhf8 23. Qxa7 Qc5 () {Remisangebot} 24. Qxc5 Nxc5 25. Be2 Bxe2 26.
Rxe2 d4 27. Ne4 d3 28. cxd3 Nxd3 29. Ng5 Rd5 30. Rd2 Nb4 31. Rxd5 Nxd5 32. Rf3
b6 33. g3 Nc7 34. Kc2 f6 35. exf6+ Rxf6 36. a4 Rxf3 37. Nxf3 Kf6 38. b4 e5 39.
a5 bxa5 40. bxa5 Kf5 41. Kd2 Na6 42. Ke3 Nb4 43. Nd2 Nd5+ 44. Kf3 Nb4 45. Ne4
Na6 46. Nd6+ Ke6 47. Nc4 Kf5 48. Ne3+ Ke6 49. g4 hxg4+ (49... Kf6 50. Nf1 Nc5
51. gxh5 gxh5 52. Ng3 Kg6 53. Ke3) 50. Kxg4 Kf6 51. Nc4 Nc5 52. Nd2 Na6 53.
Ne4+ Kf7 54. Kg5 Kg7 55. Nd6 Nc5 56. Ne8+ Kh7 57. Nc7 Ne4+ 58. Kg4 Nf6+ {?} (
58... Nc5 {!} 59. a6 {?} (59. Nd5 {!}) 59... Nxa6 {e4  Nb4  e3  Nc2  e2} 60.
Kg5 Kg7 {Ne1  Kf7  Nf3  Kg7  Kf4  Kh6} 61. Kg4 {Kg7  Kg3} Kh6 {
Kf2  Kh5  Kxe2  Kg4  Ke3} 62. Kg3 {Ke4  Kg4  =  positionelles  Remis}) 59. Kf3
Nd7 60. a6 Nb6 61. a7 Kh6 62. Nd5 Na8 63. Ke4 Kh5 64. Kxe5 Kxh4 65. Kd6 g5 66.
Kc6 g4 67. Kb7 g3 68. Ne3 Kg5 69. Kxa8 Kf4 70. Ng2+ Kf3 71. Nh4+ Kg4 72. Kb8
1-0

[Event "10. Bayer Open"]
[Site "?"]
[Date "2012.02.08"]
[Round "3"]
[White "Vranidis, Georgius"]
[Black "Lemanczyk, Thomas"]
[Result "0-1"]
[WhiteElo "1814"]
[BlackElo "2245"]
[PlyCount "104"]
[EventDate "2012.??.??"]
[SourceDate "2012.01.12"]

1. e4 e6 2. d4 d5 3. Nc3 Nf6 4. Bg5 dxe4 5. Nxe4 Be7 6. Bxf6 gxf6 7. Nf3 b6 8.
Bd3 Bb7 9. Qe2 c6 10. O-O-O Qc7 11. Rhe1 Nd7 12. Kb1 O-O-O 13. Ba6 Rhg8 14. g3
f5 15. Ned2 Bf6 16. Bxb7+ Kxb7 17. h3 Nf8 18. Nc4 Ng6 19. Nce5 Rd5 20. c4 Ra5
21. Rd3 Rd8 22. Nxg6 hxg6 23. Qc2 Qd6 24. Red1 Rc8 25. a3 b5 26. Rc1 bxc4 27.
Qxc4 Rb5 28. Rcc3 Qd5 29. Qxd5 Rxd5 30. Rb3+ Kc7 31. Kc2 Rcd8 32. Ne5 Bxe5 33.
dxe5 Rc5+ 34. Kd2 Rxd3+ 35. Kxd3 Rxe5 36. Rb4 Rd5+ 37. Kc3 a5 38. Rh4 Kd6 39.
Rh8 e5 40. Rf8 e4 41. Kc2 Ke7 42. Ra8 Rd3 43. Rxa5 Rf3 44. Ra7+ Ke6 45. b4
Rxf2+ 46. Kd1 Rf3 47. Ra6 Kd5 48. Ra5+ Kd4 49. Ra7 Rxg3 50. Rxf7 Rxa3 51. Rf6
Rxh3 52. Rxg6 Rb3 0-1

[Event "10. Bayer Open"]
[Site "?"]
[Date "2012.02.08"]
[Round "3"]
[White "Ivic, Roman"]
[Black "Maczkowiak, Thomas"]
[Result "1/2-1/2"]
[WhiteElo "2020"]
[BlackElo "1833"]
[PlyCount "32"]
[EventDate "2012.??.??"]
[SourceDate "2012.01.12"]

1. d4 Nf6 2. Nf3 g6 3. c4 Bg7 4. Nc3 d5 5. b3 O-O 6. e3 c5 7. Bb2 Nc6 8. Be2
Bg4 9. Ne5 Bxe2 10. Qxe2 Rc8 11. cxd5 Nxe5 12. dxe5 Nxd5 13. Nxd5 Qxd5 14. e4
Qe6 15. f4 c4 16. Qf3 Qb6 1/2-1/2

[Event "10. Bayer Open"]
[Site "?"]
[Date "2012.02.08"]
[Round "3"]
[White "Wolfradt, Dirk"]
[Black "Speck, Stefan"]
[Result "1/2-1/2"]
[WhiteElo "2067"]
[BlackElo "1912"]
[PlyCount "27"]
[EventDate "2012.??.??"]
[SourceDate "2012.01.12"]

1. d4 d5 2. c4 c6 3. Nd2 Nf6 4. Ngf3 g6 5. g3 Bg7 6. Bg2 O-O 7. O-O Bg4 8. Ne5
Be6 9. Qb3 Qc7 10. c5 Nfd7 11. Ndf3 Nxe5 12. Nxe5 Nd7 13. Nf3 Bg4 14. Bf4
1/2-1/2

[Event "10. Bayer Open"]
[Site "?"]
[Date "2012.02.08"]
[Round "3"]
[White "Ljuboschiz, Alexander"]
[Black "Heyn, Peter"]
[Result "1-0"]
[WhiteElo "1992"]
[BlackElo "1784"]
[PlyCount "115"]
[EventDate "2012.??.??"]
[SourceDate "2012.01.12"]

1. e4 e6 2. d4 d5 3. Nc3 Bb4 4. e5 c5 5. a3 cxd4 6. axb4 dxc3 7. Nf3 Ne7 8. Bd3
Qc7 9. bxc3 Qxc3+ 10. Bd2 Qc7 11. O-O Nd7 12. Re1 a6 13. Qe2 Rb8 14. b5 Nc5 15.
Bb4 Ra8 16. bxa6 bxa6 17. Bb5+ Bd7 18. Bxd7+ Kxd7 19. Ng5 Nf5 20. Nxf7 Rab8 21.
Bxc5 Qxc5 22. Ng5 h6 23. Nf3 Rb2 24. Rec1 a5 25. Qd3 Rc8 26. g4 Ne7 27. Nd4 Nc6
28. Nxe6 Qc4 29. Qxc4 dxc4 30. Nc5+ Ke7 31. Na4 Rb5 32. f4 Rf8 33. Rf1 Nd4 34.
Nc3 Rc5 35. Rf2 Ne6 36. Raf1 Nd8 37. Ne4 Rd5 38. Nd6 c3 39. Ne4 Nb7 40. Nxc3
Rd4 41. Rb1 Nc5 42. Rb5 Ne4 43. Rb7+ Ke8 44. Nxe4 Rxe4 45. Rxg7 Rexf4 46. Rxf4
Rxf4 47. h3 Re4 48. Rg6 Rxe5 49. Rxh6 Rc5 50. Ra6 Kd7 51. Kg2 Rxc2+ 52. Kg3 Rc5
53. h4 Kc7 54. h5 Kb7 55. Rd6 a4 56. Rd1 a3 57. h6 a2 58. Ra1 1-0

[Event "10. Bayer Open"]
[Site "?"]
[Date "2012.02.08"]
[Round "3"]
[White "Weimann, Maximilian"]
[Black "Vranidis, Athanassios"]
[Result "1-0"]
[WhiteElo "2129"]
[BlackElo "1720"]
[PlyCount "45"]
[EventDate "2012.??.??"]
[SourceDate "2012.01.12"]

1. e4 c5 2. Nf3 d6 3. d4 cxd4 4. Nxd4 Nf6 5. Nc3 a6 6. g3 e5 7. Nb3 Be7 8. Bg2
Be6 9. O-O O-O 10. a4 Bxb3 11. cxb3 Nc6 12. Be3 Re8 13. Rc1 Qd7 14. Nd5 Nxd5
15. Qxd5 Rac8 16. Rfd1 Nb4 17. Qxe5 Rxc1 18. Bxc1 Qg4 19. Qd4 Nc2 20. Qd3 Nb4
21. Qd2 Bg5 22. Qxd6 Be7 23. Qd7 1-0

[Event "10. Bayer Open"]
[Site "?"]
[Date "2012.02.08"]
[Round "3"]
[White "Böhm, Stefan"]
[Black "Weinmann-Musset, Manfred"]
[Result "1-0"]
[WhiteElo "1941"]
[BlackElo "1800"]
[PlyCount "131"]
[EventDate "2012.??.??"]
[SourceDate "2012.01.12"]

1. d4 f5 2. c4 Nf6 3. Nc3 d6 4. f3 c6 5. e4 Qc7 6. Bd3 fxe4 7. fxe4 Bg4 8. Nf3
Nbd7 9. O-O e5 10. d5 a5 11. Be2 Nc5 12. Ng5 Bxe2 13. Qxe2 Qe7 14. Be3 h6 15.
Bxc5 hxg5 16. Be3 Nh5 17. g3 g6 18. Qg4 Bh6 19. Rf2 Nf6 20. Qe2 O-O 21. Raf1
Kh7 22. Qd2 Ng4 23. Rxf8 Rxf8 24. Rxf8 Qxf8 25. Bb6 Nf6 26. Bxa5 g4 27. Qf2 Bg5
28. dxc6 bxc6 29. Bb6 Qh6 30. Kh1 Ne8 31. Qf7+ Ng7 32. Bg1 Qh3 33. Qf2 Qh6 34.
Qe2 Qh3 35. Nd1 Nh5 36. Qg2 Qxg2+ 37. Kxg2 Nf6 38. a4 Bd2 39. Nc3 Bxc3 40. bxc3
c5 41. a5 Nd7 42. h3 gxh3+ 43. Kxh3 Kg7 44. Kg4 Nb8 45. Be3 Na6 46. Bg5 Kf7 47.
Bd8 Ke8 48. Bb6 Kf7 49. Kg5 Kg7 50. g4 Kf7 51. Kh6 Kf6 52. g5+ Kf7 53. Kh7 Nb8
54. Bc7 Nc6 55. a6 Ke7 56. Bb6 Kd7 57. a7 Nxa7 58. Bxa7 Kc7 59. Kxg6 Kb7 60.
Bxc5 dxc5 61. Kf7 Ka6 62. g6 Ka5 63. g7 Ka4 64. g8=Q Kb3 65. Kf6 Kxc3 66. Kxe5
1-0

[Event "10. Bayer Open"]
[Site "?"]
[Date "2012.02.08"]
[Round "3"]
[White "Döring, Mirko"]
[Black "Kies, Werner"]
[Result "0-1"]
[WhiteElo "1520"]
[BlackElo "1900"]
[PlyCount "124"]
[EventDate "2012.??.??"]
[SourceDate "2012.01.12"]

1. e4 c5 2. Nf3 e6 3. d4 cxd4 4. Nxd4 Nf6 5. Nc3 Bb4 6. e5 Ne4 7. Bd2 Qb6 8.
Nxe4 Qxd4 9. Nd6+ Bxd6 10. exd6 Qxd6 11. Qg4 Qe5+ 12. Be2 h5 13. Qc4 Nc6 14.
O-O-O d5 15. Qd3 Bd7 16. Bf3 O-O-O 17. g3 Qc7 18. Kb1 Ne5 19. Qa3 Nxf3 20. Qxf3
f6 21. Qa3 b6 22. Rhe1 Kb7 23. Qe7 Bc8 24. Qa3 e5 25. h4 Bf5 26. Ka1 Qc5 27.
Bb4 Qxf2 28. c4 dxc4 29. Rc1 Be6 30. Rf1 Qe2 31. Bc3 Rd7 32. Qb4 Rhd8 33. a4
Qe4 34. Rfe1 Qc6 35. Ka2 Qd6 36. Rcd1 Qxb4 37. Rxd7+ Rxd7 38. Bxb4 c3+ 39. Kb1
cxb2 40. Kxb2 Rd3 41. Bf8 Rxg3 42. Rd1 Rg4 43. Rd6 Bc8 44. Ka3 f5 45. Rd5 e4
46. Re5 g6 47. Be7 Bd7 48. Bg5 Rg3+ 49. Kb4 a5+ 50. Kc4 Bxa4 51. Re7+ Ka6 52.
Bf4 Bb3+ 53. Kd4 Rd3+ 54. Ke5 a4 55. Re8 Kb5 56. Kf6 a3 57. Kxg6 a2 58. Ra8 Ba4
59. Be5 e3 60. Re8 f4 61. Kxh5 e2 62. Bh8 Re3 0-1

[Event "10. Bayer Open"]
[Site "?"]
[Date "2012.02.08"]
[Round "3"]
[White "Schäfers, Serge"]
[Black "Jiritschka, Wolfgang"]
[Result "0-1"]
[WhiteElo "1522"]
[BlackElo "1860"]
[PlyCount "114"]
[EventDate "2012.??.??"]
[SourceDate "2012.01.12"]

1. Nf3 Nf6 2. d4 g6 3. e3 c5 4. c3 Bg7 5. Bd3 cxd4 6. exd4 d5 7. O-O O-O 8. Bf4
Nc6 9. Nbd2 Nh5 10. Be3 a6 11. a4 Qd6 12. h3 f5 13. Bg5 Nf6 14. Re1 Ne4 15. Bh4
e6 16. Bxe4 fxe4 17. Bg3 Qe7 18. Nxe4 dxe4 19. Rxe4 Rf5 20. Qb3 Qf7 21. Rd1 b5
22. axb5 Rxb5 23. Qc4 Bd7 24. Qe2 Re8 25. Bd6 Bf8 26. Be5 Bg7 27. Bd6 Nd8 28.
Ne5 Bxe5 29. Bxe5 Qe7 30. Rd3 Bc6 31. Rf4 Rf8 32. Rxf8+ Qxf8 33. Rg3 Qf5 34. c4
Rb7 35. Qe3 Nf7 36. Bf4 Rxb2 37. d5 exd5 38. cxd5 Qxd5 39. Qc3 Rb1+ 40. Kh2 Qd1
41. Rxg6+ hxg6 42. Qxc6 Qd3 43. Qe8+ Kg7 44. Be5+ Nxe5 45. Qxe5+ Kf7 46. Qc7+
Ke6 47. Qc8+ Ke5 48. Qc5+ Ke6 49. Qc8+ Kd5 50. Qd7+ Kc4 51. Qa4+ Kc3 52. Qa3+
Kd2 53. Qe7 Rb5 54. Qe6 a5 55. g4 g5 56. Qc6 a4 57. Qe6 a3 0-1

[Event "10. Bayer Open"]
[Site "?"]
[Date "2012.02.08"]
[Round "3"]
[White "Bosbach, Jens"]
[Black "Kolleck, Wolf-Dietrich"]
[Result "1-0"]
[WhiteElo "1769"]
[BlackElo "1428"]
[PlyCount "51"]
[EventDate "2012.??.??"]
[SourceDate "2012.01.12"]

1. d4 d5 2. Nf3 e6 3. e3 Nf6 4. Nbd2 Bb4 5. c3 Bd6 6. Bd3 Nbd7 7. Qe2 c5 8. O-O
c4 9. Bc2 O-O 10. e4 Ne8 11. Re1 Bf4 12. Nf1 Bxc1 13. Raxc1 Nb6 14. Ng3 g6 15.
h4 h6 16. e5 Kg7 17. Bb1 a5 18. Qc2 Rg8 19. h5 Kh8 20. hxg6 fxg6 21. Nh2 Qe7
22. Ng4 Qf8 23. Nh5 Nd7 24. Re3 Qf7 25. Rh3 Ng7 26. Nxh6 1-0

[Event "10. Bayer Open"]
[Site "?"]
[Date "2012.02.08"]
[Round "3"]
[White "Decker, Andreas"]
[Black "Peschel, Andreas"]
[Result "0-1"]
[WhiteElo "1808"]
[BlackElo "2163"]
[PlyCount "46"]
[EventDate "2012.??.??"]
[SourceDate "2012.01.12"]

1. d4 c5 2. dxc5 Nf6 3. c3 g6 4. b4 a5 5. Bb2 Bg7 6. Qc2 b6 7. cxb6 d5 8. e3
Qxb6 9. a3 Nc6 10. Nf3 O-O 11. b5 Bf5 12. Qc1 Nd8 13. a4 Nb7 14. Nbd2 Rac8 15.
Ra3 Nc5 16. c4 dxc4 17. Nxc4 Qd8 18. Nfe5 Nd5 19. f3 Nb4 20. e4 Bxe5 21. Bxe5
Ncd3+ 22. Bxd3 Nxd3+ 23. Rxd3 Qxd3 0-1

[Event "10. Bayer Open"]
[Site "?"]
[Date "2012.02.08"]
[Round "3"]
[White "Brinkmann, Sven"]
[Black "Ringeltaube, Denny"]
[Result "1-0"]
[WhiteElo "1961"]
[BlackElo "1687"]
[PlyCount "49"]
[EventDate "2012.??.??"]
[SourceDate "2012.01.12"]

1. e4 c6 2. d4 d5 3. Nc3 dxe4 4. Nxe4 Bf5 5. Ng3 Bg6 6. Nf3 Nd7 7. Bd3 Ngf6 8.
O-O e6 9. Re1 Be7 10. c3 Bxd3 11. Qxd3 Qc7 12. Bd2 O-O-O 13. b4 h5 14. Ng5 Rhf8
15. Nf5 Nb6 16. Nxg7 Ng4 17. g3 Bxg5 18. Bxg5 Rd5 19. Bf4 Qe7 20. c4 Rg5 21.
Nf5 Rxf5 22. Qxf5 Qxb4 23. Qxh5 f5 24. Rxe6 Qxc4 25. Re8+ 1-0

[Event "10. Bayer Open"]
[Site "?"]
[Date "2012.02.08"]
[Round "3"]
[White "Skiber, Friedel"]
[Black "Friedsam, Manfred"]
[Result "0-1"]
[WhiteElo "1575"]
[BlackElo "1828"]
[PlyCount "84"]
[EventDate "2012.??.??"]
[SourceDate "2012.01.12"]

1. e4 e6 2. d4 d5 3. Bd3 b6 4. Nc3 Bb7 5. Be3 Bb4 6. f3 Nd7 7. Nge2 c5 8. exd5
exd5 9. O-O Ne7 10. a3 Bxc3 11. Nxc3 c4 12. Be2 Nf5 13. Bf2 a6 14. a4 Rc8 15.
Qd2 O-O 16. Qf4 Qf6 17. g4 Ne7 18. Qg3 Ng6 19. Be3 Rfe8 20. f4 Qd6 21. g5 f5
22. gxf6 Nxf6 23. Qh3 Qe6 24. Qxe6+ Rxe6 25. Bd2 Ne4 26. Nxe4 Rxe4 27. Bg4 Rf8
28. Rae1 Rxe1 29. Rxe1 Nxf4 30. Re7 Bc6 31. Bxf4 Rxf4 32. Be6+ Kf8 33. Rc7 Bxa4
34. c3 Be8 {Schwarz bietet Remis an.} 35. Bxd5 b5 36. Ra7 Rf6 37. Ra8 Ke7 38.
b3 cxb3 39. Bxb3 Rc6 40. c4 bxc4 41. Ba4 Rg6+ 42. Kf2 Bxa4 0-1

[Event "10. Bayer Open"]
[Site "?"]
[Date "2012.02.08"]
[Round "3"]
[White "Scharff, Klaus"]
[Black "Themm, Rainer"]
[Result "1-0"]
[WhiteElo "1885"]
[BlackElo "1753"]
[PlyCount "45"]
[EventDate "2012.??.??"]
[SourceDate "2012.01.12"]

1. Nf3 Nf6 2. g3 e6 3. Bg2 d5 4. d3 Nbd7 5. Nbd2 Be7 6. O-O O-O 7. e4 c6 8. h3
e5 9. Nh2 Bd6 10. f4 Qc7 11. f5 Nc5 12. g4 h6 13. h4 Qe7 14. Kh1 dxe4 15. dxe4
Rd8 16. Qe1 b6 17. g5 hxg5 18. hxg5 Nh5 19. Qh4 Nf4 20. Ng4 Qf8 21. Nc4 Nxg2
22. Kxg2 Nxe4 23. Rh1 1-0

[Event "10. Bayer Open"]
[Site "?"]
[Date "2012.02.08"]
[Round "3"]
[White "Neumann, Thomas"]
[Black "Wirtz, Uwe"]
[Result "0-1"]
[WhiteElo "1702"]
[BlackElo "1780"]
[PlyCount "40"]
[EventDate "2012.??.??"]
[SourceDate "2012.01.12"]

1. e4 Nf6 2. Nc3 d5 3. e5 Ne4 4. Nce2 d4 5. c3 dxc3 6. bxc3 Nc5 7. Nd4 e6 8.
Ngf3 Be7 9. Be2 O-O 10. O-O b6 11. Ba3 Bb7 12. Bxc5 Bxc5 13. Nb3 Be7 14. d4 Nd7
15. Rb1 Rc8 16. Qd3 c5 17. dxc5 Nxc5 18. Nxc5 Rxc5 19. Rfd1 Qxd3 20. Rxd3 Be4
0-1

[Event "10. Bayer Open"]
[Site "?"]
[Date "2012.02.08"]
[Round "3"]
[White "Birnkott, Manfred"]
[Black "Falge, Rainer"]
[Result "1-0"]
[WhiteElo "1850"]
[BlackElo "1642"]
[PlyCount "89"]
[EventDate "2012.??.??"]
[SourceDate "2012.01.12"]

1. e4 d6 2. d4 Nf6 3. Nc3 g6 4. f4 c6 5. Nf3 Bg7 6. Bd3 Bg4 7. Be3 O-O 8. h3
Bxf3 9. Qxf3 b5 10. e5 Ne8 11. Bxb5 Qb6 12. O-O Nc7 13. Ba4 Qxb2 14. Bd2 Qb6
15. Qe3 dxe5 16. dxe5 Qxe3+ 17. Bxe3 Nd5 18. Nxd5 cxd5 19. Bc5 Rc8 20. Bxe7 Nc6
21. Bd6 Bf8 22. Bxf8 Kxf8 23. Bb3 Ne7 24. Rfd1 Rc5 {Schwarz bietet Remis an.}
25. Rd4 Rb8 26. Rad1 Rbb5 27. Kf2 Kg7 28. a4 Ra5 29. Rb4 Nc6 30. Rb7 Nd8 31.
Rd7 Ne6 32. R1xd5 Rxd5 33. Bxd5 Kf8 34. Bb3 Ke8 35. Rb7 Nxf4 36. Bxf7+ Kd8 37.
Bb3 Rxe5 38. Rxh7 a5 39. g3 Ne2 40. Rb7 Nd4 41. Rb6 Nxb3 42. cxb3 g5 43. Rb5
Rxb5 44. axb5 Kc7 45. h4 1-0

[Event "10. Bayer Open"]
[Site "?"]
[Date "2012.02.08"]
[Round "3"]
[White "Blomeyer, Peter"]
[Black "Bießner, Eberhard"]
[Result "1-0"]
[WhiteElo "1769"]
[BlackElo "1750"]
[PlyCount "155"]
[EventDate "2012.??.??"]
[SourceDate "2012.01.12"]

1. c4 Nf6 2. Nf3 b6 3. g3 Bb7 4. Bg2 c5 5. Nc3 e6 6. O-O a6 7. d3 d5 8. e3 Bd6
9. a3 O-O 10. Rb1 Nc6 11. Qe2 Qe7 12. Bd2 Rfd8 13. Na4 b5 14. Nc3 b4 15. axb4
cxb4 16. Na4 a5 17. Rfc1 Ne5 18. Nd4 dxc4 19. dxc4 Bxg2 20. Kxg2 Qe8 21. b3 Ne4
22. c5 Nxd2 23. Qxd2 Bc7 24. Qc2 Nc6 25. Nb5 Rac8 26. Rd1 Ne5 27. Nd4 f5 28.
Rbc1 g6 29. f3 g5 30. h3 Nc6 31. Qc4 Nxd4 32. exd4 Rd5 33. Re1 Qd7 34. Rcd1 Kf7
35. Re2 Re8 36. g4 Qc6 37. Re3 Bf4 38. Red3 fxg4 39. hxg4 Bc7 40. Rh1 Kg6 41.
Re3 h6 42. Re4 e5 43. Rhe1 Rxd4 44. Rxd4 exd4 45. Qd3+ Kg7 46. Qxd4+ Kg6 47.
Rxe8 Qxe8 48. Kf2 Qe6 49. Qe3 Bg3+ 50. Ke2 Qd5 51. Qd3+ Qxd3+ 52. Kxd3 Kf6 53.
Nb6 Ke6 54. Kc4 Bc7 55. Nd5 Bd8 56. c6 Kd6 57. c7 Bxc7 58. Nxc7 Kxc7 59. Kb5
Kd6 60. Kxa5 Ke5 61. Kxb4 Kf4 62. Ka4 Kxf3 63. b4 Kxg4 64. b5 h5 65. b6 h4 66.
b7 h3 67. b8=Q Kf3 68. Qh2 g4 69. Kb3 g3 70. Qxh3 Kf2 71. Kc2 g2 72. Qf5+ Ke2
73. Qe4+ Kf2 74. Qf4+ Ke2 75. Qg3 Kf1 76. Qf3+ Ke1 77. Kd3 g1=N 78. Qg2 1-0

[Event "10. Bayer Open"]
[Site "?"]
[Date "2012.02.08"]
[Round "3"]
[White "Granz, Thomas"]
[Black "Witte, Volker"]
[Result "1/2-1/2"]
[WhiteElo "1656"]
[BlackElo "1742"]
[PlyCount "62"]
[EventDate "2012.??.??"]
[SourceDate "2012.01.12"]

1. d4 Nf6 2. c4 g6 3. Nc3 Bg7 4. e4 d6 5. Be3 O-O 6. Be2 e5 7. d5 b6 8. Nf3 Nh5
9. Qd2 f5 10. Bg5 Nf6 11. exf5 Bxf5 12. Nh4 Bd7 13. O-O Na6 14. Qe3 Nc5 15. b4
Nb7 16. Rac1 a5 17. b5 Nc5 18. h3 Qe8 19. Nf3 Nh5 20. Bd1 Nf4 21. Ne2 h6 22.
Bxf4 exf4 23. Nxf4 Qxe3 24. fxe3 g5 25. Nh5 Rfe8 26. Nxg7 Kxg7 27. Rc3 Re7 28.
Bc2 Rae8 29. Re1 g4 30. hxg4 Bxg4 31. Nd4 Re5 1/2-1/2

[Event "10. Bayer Open"]
[Site "?"]
[Date "2012.02.08"]
[Round "3"]
[White "van Schyndel, Andreas"]
[Black "Wehr, Günter"]
[Result "1-0"]
[WhiteElo "1699"]
[BlackElo "1478"]
[PlyCount "55"]
[EventDate "2012.??.??"]
[SourceDate "2012.01.12"]

1. d4 d5 2. c4 c6 3. Nc3 e6 4. e4 Bb4 5. Bd2 Bxc3 6. Bxc3 Nf6 7. e5 Ne4 8. Bb4
a5 9. Ba3 Na6 10. Nh3 Ng5 11. Qg4 h6 12. f4 Nb4 13. Bxb4 axb4 14. fxg5 hxg5 15.
Nxg5 b3 16. Qf4 f6 17. Nf3 bxa2 18. Bd3 f5 19. O-O Bd7 20. Qd2 Qb6 21. c5 Qc7
22. b4 b6 23. Rxa2 Kf7 24. Ng5+ Kg6 25. Rxa8 Rxa8 26. g4 Qd8 27. h4 Qh8 28. h5+
1-0

[Event "10. Bayer Open"]
[Site "?"]
[Date "2012.02.08"]
[Round "3"]
[White "Ziabari, Morteza"]
[Black "Düxmann, Marcel"]
[Result "0-1"]
[WhiteElo "1791"]
[BlackElo "1660"]
[PlyCount "94"]
[EventDate "2012.??.??"]
[SourceDate "2012.01.12"]

1. e4 d6 2. d4 Nf6 3. Nc3 g6 4. f4 Bg7 5. Nf3 c5 6. e5 Nfd7 7. Bc4 Nb6 8. Bb5+
Bd7 9. dxc5 Bxb5 10. Nxb5 dxc5 11. Qxd8+ Kxd8 12. Be3 a6 13. O-O-O+ N8d7 14.
Nc3 Ke8 15. Nd5 Rc8 16. Nxb6 Nxb6 17. b4 Na4 18. a3 h6 19. Rd3 cxb4 20. axb4 e6
21. Rhd1 Bf8 22. Bd2 Be7 23. Be1 Nb6 24. Nd4 Nd5 25. f5 Nf4 26. Rf3 Nxg2 27.
fxg6 fxg6 28. Nxe6 Rh7 29. Bg3 Rf7 30. Rb3 Nh4 31. b5 Nf5 32. bxa6 bxa6 33. Be1
g5 34. Ba5 g4 35. Nc7+ Kf8 36. Nxa6 Bg5+ 37. Bd2 Nd4 38. Rb2 Ne2+ 39. Kb1 Bxd2
40. c4 Nc3+ 41. Kc2 Nxd1 42. Kxd1 Bc3 43. Rb6 Bxe5 44. c5 Bxh2 45. Rxh6 g3 46.
Rh8+ Kg7 47. Rxc8 g2 0-1